000
00317nam a2200121Ia 4500
008
190216s9999||||xx |||||||||||||| ||und||
100
_a
Charles Dickens-Lahiri J
245
0
_a
David Copper Field And Six Short Stories
260
_b
Lalvani Pub House
300
_a
30p
650
_a
English Short Stories
942
_c
BK
999
_c
12099
_d
12099